LEADER 00945cam a2200253 7i4500
001 0000025950
005 20231012090000.0
008 231012s2000 my a ### #00001eng##
022 # # |a 13943979 
040 # # |a UMT   |b eng   |c UMT   |e rda 
090 0 0 |a G 2384 .W5   |b R5 2000 
110 2 # |a Rimman International 
245 1 0 |a Kuala Lumpur & Klang Valley street directory. 
264 # 0 |a Petaling Jaya:   |b Rimman Internationalc[2000] 
300 # # |a (1 v. (various pagings):   |b col. maps;   |c 28 cm. 
336 # # |a text --   |2 rdacontent 
337 # # |a unmediated --   |2 rdamedia 
338 # # |a volume --   |2 rdacarrier 
500 # # |a "ISSN 1394-3979." 
590 # # |a Pusat Pengajian Perniagaan dan Pengurusan Maritim 
650 0 0 |a Zip code --   |x Maps --   |z Malaysia --   |z Kuala Lumpur Metropolitan Area  
651 # 0 |a Kelang River Valley (Selangor) --   |x Maps  
651 # 0 |a Kuala Lumpur Metropolitan Area (Malaysia) --   |x Maps  
999 |a 1100008424  |b Book  |c Open Shelf  |e KOLEKSI TERBUKA